| 000 | 01314nam a22002897a 4500 | ||
|---|---|---|---|
| 003 | OSt | ||
| 005 | 20230109102438.0 | ||
| 007 | cr ||||||a|c|a | ||
| 008 | 221130s2021 mx a|||fom||| 001 0 spa d | ||
| 040 | _erda | ||
| 100 | 1 |
_9185758 _aNavarro Hernández, Julia |
|
| 245 | 1 |
_aBalance hídrico superficial en la cuenca de Río Chapingo: _blluvia interceptada por la vegetación e infiltración en el suelo / _cpor Julia Navarro Hernández, director de tesis Jorge Víctor Prado Hernández. |
|
| 264 | 1 |
_aChapingo, México : _bEl autor, _c2021. |
|
| 300 |
_a1 recurso en línea (72 páginas). _bcuadros, figuras. |
||
| 336 |
_2rdacontent _atexto _btxt |
||
| 337 |
_2rdamedia _acomputadora _bc |
||
| 338 |
_2rdacarrier _arecurso en línea _bcr |
||
| 502 |
_bIRNR _cSuelos _d2021. _gLIC |
||
| 504 | _aIncluye referencias bibliográficas: páginas 51-57. | ||
| 650 | 2 |
_9132176 _aCuencas hidrológicas _xEscurrimientos _xModelos matemáticos |
|
| 650 | 7 |
_92414 _aAgua de lluvia _xAprovechamiento |
|
| 650 | 2 |
_9131417 _aInfiltración _xModelos matemáticos |
|
| 650 | 7 |
_99602 _aBalance hídrico |
|
| 700 | 0 |
_991267 _aPrado Hernández, Jorge Víctor _eDirector de tesis. |
|
| 856 |
_uhttp://10.13.5.2/tesis/tl/2021_SU_Navarro_Hernandez_Julia.pdf _zDESCARGAR PDF |
||
| 942 |
_2Clasificación Universidad Autónoma Chapingo _cTD |
||
| 999 |
_c217896 _d217896 |
||